Dictionnaire Correctif du Francais au Canada (Запис № 280549)

МАРК-запис
000 -LEADER
fixed length control field 00691nam a22001577a 4500
041 ## - LANGUAGE CODE
Language code of text/sound track or separate title fre
080 ## - UNIVERSAL DECIMAL CLASSIFICATION NUMBER
Universal Decimal Classification number 03
090 ## - LOCALLY ASSIGNED LC-TYPE CALL NUMBER (OCLC); LOCAL CALL NUMBER (OCLC)
Local cutter number (OCLC) ; Book number/undivided call number, CALL (RLIN) DUL
100 ## - MAIN ENTRY--PERSONAL NAME
Personal name Dulong, Gaston
245 ## - TITLE STATEMENT
Title Dictionnaire Correctif du Francais au Canada
260 ## - PUBLICATION, DISTRIBUTION, ETC. (IMPRINT)
Place of publication, distribution, etc Quebec
Name of publisher, distributor, etc les presses de luniversite Laval
Date of publication, distribution, etc 1968
300 ## - PHYSICAL DESCRIPTION
Extent 255
520 ## - SUMMARY, ETC.
Summary, etc Ce dictionnaire propose dapporter sa modeste contribution a lamelioration du francais parle et ecrit au canada et essentiellement au Quebec. Ce dictionnaire offre differents exemples comment parler et ecrire un francais adequat et standardise tout en evitant dutiliser un francais de lepoque des annees 1930 communement appele ( le joual ).
650 ## - SUBJECT ADDED ENTRY--TOPICAL TERM
Topical term or geographic name as entry element French
942 ## - ADDED ENTRY ELEMENTS (KOHA)
Koha item type Книги
Фонди
Withdrawn status Lost status Source of classification or shelving scheme Damaged status Not for loan Home library Current library Date acquired Source of acquisition Coded location qualifier Cost, normal purchase price Total Checkouts Full call number Barcode Date last seen Price effective from Koha item type
    Universal Decimal Classification     ВІЛ - Відділ іноземн. літератури НБ ВІЛ - Відділ іноземн. літератури НБ 08/08/2005 Акт N32 11.03   03 205944 08/12/2021 21/06/2001 Книги